| 000 | 01584camaa2200433Mu 4500 | ||
|---|---|---|---|
| 001 | 80539 | ||
| 005 | 20230410103742.0 | ||
| 008 | 950127s1994 sp 000 0 spa d | ||
| 035 | _a(OCoLC)ocn433545681 | ||
| 040 |
_aBNM _erdc _bspa _cBNM |
||
| 016 | 7 |
_abimoBNE19950026345 _2SpMaBN |
|
| 017 | _aB 15680-1994 | ||
| 020 | _a8472234428 | ||
| 020 | _a9788472234420 | ||
| 035 | _a(OCoLC)433545681 | ||
| 041 | 1 |
_aspa _heng |
|
| 049 | _aGRAL | ||
| 050 | 1 | 4 |
_a318 DC 752 _bL884r 1994 |
| 100 | 1 | _aLottman, Herbert R. | |
| 245 | 1 | 3 |
_aLa Rive Gauche : _bla elite intelectual y política en Francia entre 1935 y 1950 / _cHerbert Lottman ; [traducción, José Martiannine Guerricabeitia]. |
| 260 |
_aBarcelona : _bTusquets, _c1994. |
||
| 300 |
_a463 p. _c23 cm. |
||
| 440 | 0 |
_aColeccIón Andanzas; _v216 |
|
| 500 | _aTraducido del idioma original: The left bank | ||
| 504 | _aBibliografia: p. 427-452. | ||
| 651 | 0 |
_aRive gauche (Paris, France) _xIntellectual life. |
|
| 651 | 0 |
_aRive gauche (Paris, France) _xIntellectual life _y20th century. |
|
| 651 | 0 |
_aParis (France) _xIntellectual life _y20th century. |
|
| 650 | 0 |
_aIntellectuals _xPolitical activity _zFrance _zParis. |
|
| 650 | 0 |
_aPolitics and literature _zFrance _zParis _xHistory _y20th century. |
|
| 650 | 7 |
_aIntelectuales _zFrancia _xActividad política _yS.XX. _2embne |
|
| 650 | 7 |
_aLiteratura y política _zFrancia _vHistoria. _2embne |
|
| 651 | 7 |
_aFrancia _xVida intelectual _yS.XX. _2embne |
|
| 942 |
_2lcc _cbk |
||
| 994 |
_aC0 _bDRFGD |
||
| 650 | 4 | _aCES | |
| 650 | 4 | _aColección Enriquillo Sánchez. | |
| 946 | _asadt | ||
| 999 |
_c25125 _d25125 |
||